00577nam a2200205Ia 450000500170000000800410001702000270005804000190008504100120010408200130011624500550012926000260018430000290021050400500023963000200028965000120030965100210032170000190034285000100036120230114115550.0131103s9999 xx 000 0 und d aSBN 195615204cRs. 175 aLoreto College aEnglish a954bBAS 2aA Cultural history of IndiacEdited by A.L. Basham aDelhibOxfordcc 1975 axx, 585 p.b Maps,plates aIncludes bibliographical references and index aIndia - History aHistory aCultural history aBasham,A.L,ed. aLCLIB